[Event "IECG CE.2002.0.00021 email"]
[Site "IECG email"]
[Date "2002.01.16"]
[Round "?"]
[White "Suh, Tae"]
[Black "Mori, Roberto"]
[Result "0-1"]
[WhiteElo "1200"]
[BlackElo "1284"]
[PlyCount "34"]
[EventDate "2002.01.16"]
[EventType "tourn (corr)"]
[EventRounds "6"]
[SourceTitle "Corr 2008"]
[Source "ChessBase"]
[SourceDate "2008.06.24"]
[SourceVersion "1"]
[SourceVersionDate "2008.06.24"]
[SourceQuality "1"]

1. d4 d5 2. c4 dxc4 3. e4 b5 4. a4 Bb7 5. Nc3 b4 6. Nd5 Bxd5 7. exd5 Qxd5 8. Be2 Nd7 9. Bf3 Qe6+ 10. Ne2 Rd8 11. 0-0 Qa6 12. Bf4 e5 13. Bg3 f5 14. Re1 e4 15. Nf4 Nc5 16. Qe2 Rxd4 17. Qe3 Rd7 0-1